Dziewiętnastowieczne wachlarze kominkowe, czyli jak osłonić lico przed żarem kominka

Titel: Dziewiętnastowieczne wachlarze kominkowe, czyli jak osłonić lico przed żarem kominka
Verfasser:
In: Muzeum Narodowe w Krakowie: Rozprawy Muzeum Narodowego w Krakowie, Band 2 (2004), Seite 97-105
alle Artikel anzeigen
Veröffentlicht: 2004
Format: Aufsatz
Sprache: Polnisch
Kein Bild verfügbar
X
alg: 39389967
001A    $01999:12-11-16 
001B    $01999:28-05-21 $t19:22:30.000 
001D    $01999:12-11-16 
001U    $0utf8 
001X    $00 
002@    $0Aox 
003@    $0393899675 
007A    $0393899675 $aHEB 
007T    $0Herdk48941 
010@    $apol 
011@    $a2004 
021A    $aDziewiętnastowieczne wachlarze kominkowe, czyli jak osłonić lico przed żarem kominka 
028A    $aKowalska $dJoanna Regina 
031A    $d2 $h97-105 $j2004 
037A    $aang. res. 
039B    $aIn $8--Abvc--Muzeum Narodowe w Krakowie [Tb1]. Rozprawy Muzeum Narodowego w Krakowie. - Kraków : Muzeum Narodowe, 1999-. - ISSN 1508-4302 $x200400000020000903 $9091024307 
045F    $a390.09438 $eDDC23BSB 
045F/01 $a390 
045F/03 $g438 
045T    $a9,10 $a7,41 

lok: 39389967 78

exp: 39389967 78 1 #EPN
201B/01 $018-11-16 $t10:03:52.000 
201U/01 $0utf8 
203@/01 $0790010194 
208@/01 $a12-11-16 $be 
209A/01 $a/ $f000 $x00 
220C/01 $aTitelaufnehmer: pbb 
220C/01 $aHerkunft: IH PAN/PBB Kraków 
244Z/01 $2Trx $#Poola $#Lenkija $#Polija $#Polen Land $#Poland $#Lengyelország $#Poľsko $#Polsko $8--Trx--Polska$gkraj $x01 $9391345966 
244Z/01 $aGeschichte 1800-1900 $x02 
244Z/01 $2Trx $#käsitöö, kunstiline $#dailieji amatai $#handicrafts $#kézmüvesség $#rzemiosło artystyczne $#remeslo umelecké $#řemeslo umělecké $8--Trx--Kunsthandwerk $x03 $9391382713 
244Z/01 $2Trx $8--Trx--Zeitschriftenaufsatz $x04 $9391384341 
245Z/01 $a11.02 $x01 
247C/01 $82080>Marburg/Lahn, Herder-Institut, Forschungsbibliothek, Bibliographieportal $9336309341
LEADER 00000caa a22000002c 4500
001 393899675
003 DE-603
005 20210528192230.0
007 tu
008 161112s2004 xx |||| | u00||u|pol c
035 |a (DE-599)HEB393899675 
040 |a DE-603  |b ger  |c DE-603  |d DE-603 
041 |a pol 
082 0 4 |8 1\u  |a 390.09438  |q DE-101  |2 23/BSB 
084 |a 9,10  |a 7,41  |2 ssgn 
085 |8 1\u  |b 390 
085 |8 1\u  |z 2  |s 438 
100 1 |a Kowalska, Joanna Regina 
245 0 0 |a Dziewiętnastowieczne wachlarze kominkowe, czyli jak osłonić lico przed żarem kominka 
264 0 |c 2004 
500 |a ang. res. 
773 0 8 |i In  |a Muzeum Narodowe w Krakowie  |t Rozprawy Muzeum Narodowego w Krakowie  |d Kraków : Muzeum Narodowe, 1999-  |x 1508-4302  |g Band 2 (2004), Seite 97-105  |w (DE-603)091024307  |w (DE-600)2010981-7 
924 0 |9 2080  |a (DE-603)790010194  |b DE-2080  |c HES  |d d  |g /